Greater M25 office survey - Summer 2000 (Record no. 101117)

MARC details
000 -LEADER
fixed length control field 00561cam a2200217 4500
001 - CONTROL NUMBER
control field J110638
008 - FIXED-LENGTH DATA ELEMENTS--GENERAL INFORMATION
fixed length control field 000000n2000 000 0 eng u
035 ## - SYSTEM CONTROL NUMBER
System control number (Sirsi) u110638
050 ## - LIBRARY OF CONGRESS CALL NUMBER
Classification number 333.337
110 ## - MAIN ENTRY--CORPORATE NAME
Corporate name or jurisdiction name as entry element FPDSavills
9 (RLIN) 3625
245 ## - TITLE STATEMENT
Title Greater M25 office survey - Summer 2000
260 ## - PUBLICATION, DISTRIBUTION, ETC.
Place of publication, distribution, etc. London
Name of publisher, distributor, etc. FPD Savills
Date of publication, distribution, etc. 2000
300 ## - PHYSICAL DESCRIPTION
Extent 1 folded sheet. ; 30cm.
520 ## - SUMMARY, ETC.
Summary, etc. First six months of 2000
650 ## - SUBJECT ADDED ENTRY--TOPICAL TERM
Topical term or geographic name entry element OFFICES
650 ## - SUBJECT ADDED ENTRY--TOPICAL TERM
Topical term or geographic name entry element PROPERTY MARKET
650 ## - SUBJECT ADDED ENTRY--TOPICAL TERM
Topical term or geographic name entry element TAKE UP
650 ## - SUBJECT ADDED ENTRY--TOPICAL TERM
Topical term or geographic name entry element OFFICE SPACE
690 ## - LOCAL SUBJECT ADDED ENTRY--TOPICAL TERM (OCLC, RLIN)
Topical term or geographic name as entry element COMMERICAL PROPERTY
942 ## - ADDED ENTRY ELEMENTS (KOHA)
Suppress in OPAC 0
Holdings
Withdrawn status Lost status Source of classification or shelving scheme Damaged status Not for loan Home library Current library Shelving location Date acquired Total Checkouts Full call number Barcode Date last seen Copy number Price effective from Koha item type
    Dewey Decimal Classification     London London Property market reports 30/01/2001   PROPERTY MARKET REPORTS 30063517 06/08/2019 1 06/08/2019 Book